[Event "Wch FIDE Online U10 Girls Europe qual"]
[Site "Tornelo INT"]
[Date "2020.12.07"]
[Round "1"]
[White "Decraene, Lotus"]
[Black "Preobrazhenskaya, Diana"]
[Result "0-1"]
[WhiteElo "1241"]
[BlackElo "1498"]
[PlyCount "46"]
[EventDate "2020.12.07"]
[EventType "swiss (rapid)"]
[EventRounds "7"]
[EventCountry "ISS"]
[SourceTitle "EXT 2022"]
[Source "ChessBase"]
[SourceDate "2021.10.06"]
[SourceVersion "1"]
[SourceVersionDate "2021.10.06"]
[SourceQuality "1"]

1. e4 e5 2. Nf3 Nc6 3. Bc4 Nf6 4. Nc3 Bc5 5. d3 d6 6. Bg5 h6 7. Bh4 Be6 8. Bb3 Qe7 9. 0-0 g5 10. Bg3 Bg4 11. h3 Bh5 12. Ba4 a6 13. Bxc6+ bxc6 14. Na4 Ba7 15. Nc3 g4 16. hxg4 Bxg4 17. Bh4 Qe6 18. Nb1 Rg8 19. Nbd2 Bh3 20. Bxf6 Bxg2 21. Bg5 Qh3 22. Nh2 Rxg5 23. Qe2 Bh1+ 0-1

[Event "Wch FIDE Online U10 Girls Europe qual"]
[Site "Tornelo INT"]
[Date "2020.12.07"]
[Round "2"]
[White "Moscovitch, Ronnie"]
[Black "Decraene, Lotus"]
[Result "1-0"]
[WhiteElo "1015"]
[BlackElo "1241"]
[PlyCount "75"]
[EventDate "2020.12.07"]
[EventType "swiss (rapid)"]
[EventRounds "7"]
[EventCountry "ISS"]
[SourceTitle "EXT 2022"]
[Source "ChessBase"]
[SourceDate "2021.10.06"]
[SourceVersion "1"]
[SourceVersionDate "2021.10.06"]
[SourceQuality "1"]

1. d4 d5 2. c4 e6 3. Nc3 Nf6 4. cxd5 exd5 5. Bg5 Be7 6. Nf3 Nc6 7. e3 h6 8. Bh4 Be6 9. Bb5 0-0 10. 0-0 Bg4 11. Bxf6 Bxf6 12. Ba4 a6 13. Bb3 Be6 14. Qd3 Nb4 15. Qe2 Bf5 16. a3 Bd3 17. Qd2 Bxf1 18. Rxf1 Nc6 19. Bxd5 Re8 20. Re1 Rb8 21. b4 Ne7 22. Bb3 b6 23. e4 Nc6 24. d5 Ne5 25. Nxe5 Bxe5 26. Qe3 c5 27. Ne2 cxb4 28. axb4 b5 29. Rd1 Ra8 30. Qd2 Qd7 31. Ng3 Red8 32. Qe3 Bxg3 33. Qxg3 Qe7 34. Qf3 Qf8 35. Bc2 Rd7 36. Qd3 Rad8 37. e5 Kh8 38. Qh7# 1-0

[Event "EU-ch Online U12 Girls"]
[Site "Tornelo INT"]
[Date "2020.09.19"]
[Round "5"]
[White "Wu, Elin"]
[Black "Decraene, Lotus"]
[Result "1/2-1/2"]
[WhiteElo "1180"]
[BlackElo "1241"]
[PlyCount "25"]
[EventDate "2020.09.18"]
[EventType "swiss (rapid)"]
[EventRounds "9"]
[EventCountry "NET"]
[SourceTitle "EXT 2023"]
[Source "ChessBase"]
[SourceDate "2022.10.05"]
[SourceVersion "1"]
[SourceVersionDate "2022.10.05"]
[SourceQuality "1"]
[WhiteTeam "Denmark"]
[BlackTeam "Belgien"]
[WhiteTeamCountry "DEN"]
[BlackTeamCountry "BEL"]

1. e4 e5 2. Nf3 Nc6 3. Nc3 Bc5 4. Bc4 Nf6 5. 0-0 d6 6. h3 Be6 7. Nd5 0-0 8. d3 Bxd5 9. exd5 Na5 10. Bb5 a6 11. Ba4 b5 12. Bb3 Nxb3 13. axb3 1/2-1/2

[Event "EU-ch Online U12 Girls"]
[Site "Tornelo INT"]
[Date "2020.09.18"]
[Round "1"]
[White "Basova, Yuliya"]
[Black "Decraene, Lotus"]
[Result "1/2-1/2"]
[WhiteElo "1662"]
[BlackElo "1241"]
[PlyCount "28"]
[EventDate "2020.09.18"]
[EventType "swiss (rapid)"]
[EventRounds "9"]
[EventCountry "NET"]
[SourceTitle "EXT 2023"]
[Source "ChessBase"]
[SourceDate "2022.10.05"]
[SourceVersion "1"]
[SourceVersionDate "2022.10.05"]
[SourceQuality "1"]
[WhiteTeam "Ukraine"]
[BlackTeam "Belgien"]
[WhiteTeamCountry "UKR"]
[BlackTeamCountry "BEL"]

1. e4 e5 2. Nf3 Nc6 3. d4 exd4 4. Nxd4 Bc5 5. Be3 Nxd4 6. Bxd4 Bxd4 7. Qxd4 Qf6 8. e5 Qg6 9. Na3 Ne7 10. 0-0-0 Nc6 11. Qd2 0-0 12. Bd3 Qe6 13. Kb1 Qxe5 14. Nc4 Qf6 1/2-1/2

[Event "EU-ch U10 Girls"]
[Site "Bratislava"]
[Date "2019.08.03"]
[Round "2"]
[White "Decraene, Lotus"]
[Black "Novomeska, Karin"]
[Result "1/2-1/2"]
[WhiteElo "1117"]
[BlackElo "1269"]
[PlyCount "39"]
[EventDate "2019.08.02"]
[EventType "swiss"]
[EventRounds "9"]
[EventCountry "SVK"]
[SourceTitle "EXT 2020"]
[Source "ChessBase"]
[SourceDate "2019.10.17"]
[SourceVersion "1"]
[SourceVersionDate "2019.10.17"]
[SourceQuality "1"]

1. e4 c6 2. d4 d5 3. exd5 cxd5 4. Bd3 Nc6 5. c3 Nf6 6. Ne2 e6 7. 0-0 Bd6 8. Bf4 Bxf4 9. Nxf4 0-0 10. Re1 Qc7 11. Nh5 Qe7 12. Nd2 Nxh5 13. Qxh5 g6 14. Qh6 Qf6 15. Re3 Qg7 16. Qf4 Re8 17. Rae1 f6 18. Nf3 Re7 19. c4 Nb4 20. a3 1/2-1/2

[Event "EU-ch U10 Girls"]
[Site "Bratislava"]
[Date "2019.08.02"]
[Round "1"]
[White "Iudina, Veronika"]
[Black "Decraene, Lotus"]
[Result "1-0"]
[WhiteElo "1357"]
[BlackElo "1117"]
[PlyCount "43"]
[EventDate "2019.08.02"]
[EventType "swiss"]
[EventRounds "9"]
[EventCountry "SVK"]
[SourceTitle "EXT 2020"]
[Source "ChessBase"]
[SourceDate "2019.10.17"]
[SourceVersion "1"]
[SourceVersionDate "2019.10.17"]
[SourceQuality "1"]

1. e4 e5 2. Nf3 Nc6 3. Bb5 Bc5 4. c3 Nf6 5. 0-0 d6 6. d4 Bb6 7. d5 a6 8. Ba4 Bd7 9. dxc6 bxc6 10. Nbd2 0-0 11. Qc2 Re8 12. Nc4 Be6 13. Nxb6 Rb8 14. Bxc6 Rf8 15. Nd5 Nxd5 16. exd5 Bg4 17. Ng5 g6 18. Qa4 h5 19. Qxa6 Qf6 20. Ne4 Qf5 21. f3 Bxf3 22. gxf3 1-0

[Event "Wch U08 Girls"]
[Site "Santiago de Compostela"]
[Date "2018.11.13"]
[Round "9"]
[White "Gu, Crystal Jiuzhou"]
[Black "Decraene, Lotus"]
[Result "1-0"]
[WhiteElo "1284"]
[BlackElo "1129"]
[PlyCount "117"]
[EventDate "2018.11.04"]
[EventType "swiss"]
[EventRounds "11"]
[EventCountry "ESP"]
[SourceTitle "EXT 2022"]
[Source "ChessBase"]
[SourceDate "2021.10.06"]
[SourceVersion "1"]
[SourceVersionDate "2021.10.06"]
[SourceQuality "1"]

1. e4 e5 2. Nf3 Nc6 3. Bb5 a6 4. Ba4 Nf6 5. Qe2 b5 6. Bb3 Be7 7. c3 d5 8. exd5 Nxd5 9. Nxe5 Qd6 10. Nxc6 Qxc6 11. Qf3 Be6 12. d3 Qd6 13. Be3 0-0 14. 0-0 Nxe3 15. Qxe3 Bxb3 16. axb3 c6 17. Nd2 Bd8 18. Rfe1 Bc7 19. Qh3 b4 20. Ne4 Qd5 21. c4 Qd4 22. Ra2 Bb6 23. Qe3 Qxe3 24. fxe3 Rfd8 25. d4 Re8 26. c5 Bc7 27. Nd6 Bxd6 28. cxd6 Red8 29. Rea1 Rxd6 30. Rxa6 Rxa6 31. Rxa6 g6 32. Rb6 Re6 33. Kf2 Kf8 34. Rxb4 Ke7 35. Rb7+ Kf6 36. Kf3 Re7 37. Rxe7 Kxe7 38. Ke4 Kd6 39. Kf4 Kd5 40. b4 h6 41. b3 f6 42. h3 h5 43. g3 Ke6 44. e4 g5+ 45. Kf3 f5 46. exf5+ Kxf5 47. g4+ hxg4+ 48. hxg4+ Ke6 49. Ke4 Kf6 50. d5 cxd5+ 51. Kxd5 Ke7 52. Kc6 Kd8 53. b5 Kc8 54. b6 Kb8 55. b7 Ka7 56. Kc7 Ka6 57. b8Q Ka5 58. Kc6 Ka6 59. Qb6# 1-0

[Event "Wch U08 Girls"]
[Site "Santiago de Compostela"]
[Date "2018.11.12"]
[Round "8"]
[White "Li, Rachael"]
[Black "Decraene, Lotus"]
[Result "1-0"]
[WhiteElo "1519"]
[BlackElo "1129"]
[PlyCount "65"]
[EventDate "2018.11.04"]
[EventType "swiss"]
[EventRounds "11"]
[EventCountry "ESP"]
[SourceTitle "EXT 2022"]
[Source "ChessBase"]
[SourceDate "2021.10.06"]
[SourceVersion "1"]
[SourceVersionDate "2021.10.06"]
[SourceQuality "1"]

1. e4 e5 2. Nf3 Nc6 3. d4 exd4 4. Bc4 Bc5 5. Ng5 Ne5 6. Nxf7 Nxf7 7. Bxf7+ Kxf7 8. Qh5+ g6 9. Qxc5 d6 10. Qxd4 Nf6 11. 0-0 Be6 12. Nc3 Qe7 13. f4 c5 14. Qd3 Rhe8 15. e5 Nd7 16. exd6 Qf6 17. Be3 b6 18. Rad1 Kg8 19. b3 Bf5 20. Qd2 Bxc2 21. Qxc2 Rxe3 22. Nd5 Qe6 23. Nxe3 Qxe3+ 24. Qf2 Qe6 25. Rfe1 Qf6 26. Re7 Rd8 27. Qe3 Kf8 28. Rxh7 Re8 29. Qh3 Nb8 30. Rh8+ Kf7 31. Qh7+ Qg7 32. Qxg7+ Kxg7 33. Rxe8 1-0

[Event "Wch U08 Girls"]
[Site "Santiago de Compostela"]
[Date "2018.11.03"]
[Round "2"]
[White "Sickmann, Lisa"]
[Black "Decraene, Lotus"]
[Result "1-0"]
[WhiteElo "1468"]
[BlackElo "1129"]
[PlyCount "99"]
[EventDate "2018.11.04"]
[EventType "swiss"]
[EventRounds "11"]
[EventCountry "ESP"]
[SourceTitle "EXT 2022"]
[Source "ChessBase"]
[SourceDate "2021.10.06"]
[SourceVersion "1"]
[SourceVersionDate "2021.10.06"]
[SourceQuality "1"]

1. e4 e5 2. Nf3 Nc6 3. Bc4 Bc5 4. Nc3 Nf6 5. d3 h6 6. 0-0 d6 7. h3 Be6 8. Bb3 0-0 9. Be3 Bb6 10. Na4 d5 11. exd5 Bxd5 12. Nxb6 axb6 13. Re1 Re8 14. Bd2 Qd6 15. Bc3 e4 16. dxe4 Rxe4 17. Bxf6 Rxe1+ 18. Nxe1 Bxb3 19. axb3 Rxa1 20. Qxa1 Qxf6 21. Qa8+ Nd8 22. Qc8 Qe7 23. Kf1 Kh7 24. Nd3 Qf6 25. Qxc7 Ne6 26. Qxb6 Qf5 27. Qxb7 Nc5 28. Nxc5 Qxc5 29. f3 Qxc2 30. Qe4+ Qxe4 31. fxe4 Kg6 32. Kf2 Kf6 33. Ke3 Ke6 34. Kd4 Kd6 35. Kc4 Kc6 36. b4 Kb6 37. b5 g6 38. b3 h5 39. Kb4 h4 40. Kc4 g5 41. e5 Kc7 42. Kc5 Kb7 43. b6 Kb8 44. Kc6 Kc8 45. b4 Kb8 46. b7 g4 47. hxg4 Ka7 48. Kc7 Ka6 49. b8Q h3 50. Qb6# 1-0